000 00911nam a22002537a 4500
005 20170627154830.0
010 _aBAC-CH25E
020 _a9789350464540
_c150.00
020 _a9350464543
_c150.00
035 _a544107-142
035 _aG-002787
035 _aB-665183
037 _adpl
_bABC/vendor
082 _aS
100 _aSharma, Natasha
245 _aRooster Raga /
_cby Natasha Sharma
260 _bTulika Publishers
_c2013
_aChennai
270 _a24/1 Ganapathy Colony Third Street, Teynampet
_bChennai
_e600018 India
300 _av.p.
_bcol.ill.
_c23cm.(pbk)
942 _2ddc
_cCH
_mSHA
_hS
999 _c87079
_d87079